Cálculo : (Record no. 96173)
[ view plain ]
| 000 -CABECERA | |
|---|---|
| campo de control de longitud fija | 01360cam a22003737a 4500 |
| 003 - IDENTIFICADOR DEL NÚMERO DE CONTROL | |
| campo de control | CHAP |
| 005 - FECHA Y HORA DE LA ÚLTIMA TRANSACCIÓN | |
| campo de control | 20240507093728.0 |
| 008 - DATOS DE LONGITUD FIJA--INFORMACIÓN GENERAL | |
| campo de control de longitud fija | 090515s2006 mx a r 00010 spa d |
| 010 ## - NÚMERO DE CONTROL DE LA BIBLIOTECA DEL CONGRESO | |
| Número de control de LC | 96173 |
| 011 ## - ENLACE DEL NUMERO DE CONTROL DE LA BIBLIOTECA DEL CONGRESO [OBSOLETO] | |
| Número de control de LC | 97145 |
| 020 ## - NÚMERO INTERNACIONAL ESTÁNDAR DEL LIBRO | |
| Número Internacional Estándar del Libro | 9706865438 |
| 035 ## - NÚMERO DE CONTROL DEL SISTEMA | |
| Número de control de sistema | 107807 |
| 040 ## - FUENTE DE LA CATALOGACIÓN | |
| Centro/agencia transcriptor | CHAP |
| 082 04 - NÚMERO DE LA CLASIFICACIÓN DECIMAL DEWEY | |
| Número de clasificación | 517 |
| Número de documento/Ítem | St49y 2005 |
| 100 00 - ENTRADA PRINCIPAL--NOMBRE DE PERSONA | |
| Nombre de persona | Stewart, James. |
| 9 (RLIN) | 109770 |
| 245 10 - MENCIÓN DE TÍTULO | |
| Título | Cálculo : |
| Resto del título | conceptos y contextos |
| Mención de responsabilidad, etc. | /por James Stewart |
| 250 ## - MENCIÓN DE EDICIÓN | |
| Mención de edición | 3 ed. |
| 300 ## - DESCRIPCIÓN FÍSICA | |
| Extensión | 978, 158 p. : |
| Otras características físicas | ilus., + 2 CD (4 3/4 plgs.) |
| 500 ## - NOTA GENERAL | |
| Nota general | El CD 2 contiene : videos interactivos skilibuilder. |
| 534 ## - NOTA SOBRE LA VERSIÓN ORIGINAL | |
| Frase introductoria | Tít. original : |
| Mención de título del original | Calculus, comcepts and contexts, |
| Publicación, distribución, etc. del original | 2005 |
| 650 14 - PUNTO DE ACCESO ADICIONAL DE MATERIA--TÉRMINO DE MATERIA | |
| Término de materia o nombre geográfico como elemento de entrada | Cálculo. |
| 9 (RLIN) | 23990 |
| 942 ## - ELEMENTOS DE PUNTO DE ACCESO ADICIONAL (KOHA) | |
| Tipo de ítem Koha | Libro |
| Fuente del sistema de clasificación o colocación | Dewey Decimal Classification |
| 260 ## - PUBLICACIÓN, DISTRIBUCIÓN, ETC. | |
| Lugar de publicación, distribución, etc. | México, D. F. : |
| Nombre del editor, distribuidor, etc. | Thomson, |
| Fecha de publicación, distribución, etc. | 2006 |
| 534 ## - NOTA SOBRE LA VERSIÓN ORIGINAL | |
| Mención de edición del original | 3 ed. |
| 590 ## - NOTA LOCAL (RLIN) | |
| Nota local | BATCH-UPD |
| Procedencia (VM) [OBSOLETO] | 10 |
| Condición del los carretes individuales (VM) [OBSOLETO] | 20130110 |
| 590 ## - NOTA LOCAL (RLIN) | |
| Nota local | BATCH-UPD |
| Procedencia (VM) [OBSOLETO] | 10 |
| Condición del los carretes individuales (VM) [OBSOLETO] | 20130410 |
| 590 ## - NOTA LOCAL (RLIN) | |
| Nota local | BATCH-UPD |
| Procedencia (VM) [OBSOLETO] | 10 |
| Condición del los carretes individuales (VM) [OBSOLETO] | 20130914 |
| 590 ## - NOTA LOCAL (RLIN) | |
| Nota local | CONVERSION |
| Procedencia (VM) [OBSOLETO] | 10 |
| Condición del los carretes individuales (VM) [OBSOLETO] | 20130109 |
| 901 ## - ELEMENTOS DE DATOS A LOCAL LDA (RLIN) | |
| a | BK |
| 949 ## - PROCESAMIENTO DE INFORMACIÓN LOCAL (OCLC) | |
| a | 517 St49y 2005 |
| b | BC |
| c | LIBRO |
| d | 33724002093603 |
| e | LIBRO |
| f | c.2 |
| g | I.c/e |
| h | 110397 |
| i | 107807 |
| s | o |
| t | $400.00 |
| 949 ## - PROCESAMIENTO DE INFORMACIÓN LOCAL (OCLC) | |
| a | 517 St49y 2005 |
| b | BC |
| c | LIBRO |
| d | 33724002093644 |
| e | LIBRO |
| g | I.c/e |
| h | 110396 |
| i | 107807 |
| s | o |
| t | $400.00 |
| 949 ## - PROCESAMIENTO DE INFORMACIÓN LOCAL (OCLC) | |
| a | 517 St49y 2005 |
| b | BC |
| c | LIBRO |
| d | 33724002113231 |
| e | LIBRO |
| f | c.3 |
| g | I.c/e |
| h | 110971 |
| i | 107807 |
| s | o |
| t | $420.00 |
| 949 ## - PROCESAMIENTO DE INFORMACIÓN LOCAL (OCLC) | |
| a | 517 St49y 2005 |
| b | BC |
| c | LIBRO |
| d | 33724002129876 |
| e | LIBRO |
| f | c.4 |
| g | I.c/e |
| h | 110972 |
| i | 107807 |
| s | o |
| t | $420.00 |
| Estado de retiro | Estado de pérdida | Fuente del sistema de clasificación o colocación | Estado dañado | Restricciones de uso | No para préstamo | Código de colección | Localización permanente | Ubicación/localización actual | Ubicación en estantería | Fecha de adquisición | Fuente de adquisición | Información codificada de la localización en otra ubicación | Total de préstamos | Signatura topográfica completa | Código de barras | En préstamo | Fecha visto por última vez | Fecha del último préstamo | Precio válido a partir de | Tipo de ítem Koha | Renovaciones totales | Número de copia | Nota pública |
|---|---|---|---|---|---|---|---|---|---|---|---|---|---|---|---|---|---|---|---|---|---|---|---|
| Dewey Decimal Classification | Préstamo 15 días | General | Biblioteca Central | Biblioteca Central | Planta alta - Colección General | 31/12/2019 | I.c/e | LIBRO | 2 | 517 St49y 2005 | 33724002093644 | 09/04/2022 | 25/03/2022 | 25/03/2022 | 31/12/2019 | Libro | |||||||
| Dewey Decimal Classification | Préstamo 15 días | General | Biblioteca Central | Biblioteca Central | Planta alta - Colección General | 31/12/2019 | I.c/e | LIBRO | 16 | 517 St49y 2005 | 33724002113231 | 19/12/2025 | 04/12/2025 | 04/12/2025 | 31/12/2019 | Libro | 12 | c.3 | |||||
| Dewey Decimal Classification | Préstamo 15 días | General | Biblioteca Central | Biblioteca Central | Planta alta - Colección General | 31/12/2019 | I.c/e | LIBRO | 2 | 517 St49y 2005 | 33724002129876 | 09/04/2022 | 25/03/2022 | 25/03/2022 | 31/12/2019 | Libro | c.4 | ||||||
| Dewey Decimal Classification | Préstamo 15 días | General | Biblioteca Central | Biblioteca Central | Planta alta - Colección General | 31/12/2019 | I.c/e | LIBRO | 9 | 517 St49y 2005 | 33724002559728 | 18/03/2026 | 03/03/2026 | 31/12/2019 | Libro | c.2 | |||||||
| Dewey Decimal Classification | Préstamo interno | Material multimedia | Biblioteca Central | Biblioteca Central | Planta Principal - Área de préstamo - Mat. Multimedia | 31/12/2019 | I.c/e | 517 St49y 2005 CD1 | 33724002588716 | 07/05/2024 | 31/12/2019 | CD | Material complementario | ||||||||||
| Dewey Decimal Classification | Préstamo interno | Material multimedia | Biblioteca Central | Biblioteca Central | Planta Principal - Área de préstamo - Mat. Multimedia | 31/12/2019 | I.c/e | 517 St49y 2005 CD1 | 33724002588728 | 07/05/2024 | 31/12/2019 | CD | c.2 | Material complementario | |||||||||
| Dewey Decimal Classification | Préstamo interno | Material multimedia | Biblioteca Central | Biblioteca Central | Planta Principal - Área de préstamo - Mat. Multimedia | 31/12/2019 | I.c/e | 517 St49y 2005 CD1 | 33724002588731 | 07/05/2024 | 31/12/2019 | CD | c.3 | Material complementario | |||||||||
| Dewey Decimal Classification | Préstamo interno | Material multimedia | Biblioteca Central | Biblioteca Central | Planta Principal - Área de préstamo - Mat. Multimedia | 31/12/2019 | I.c/e | 517 St49y 2005 CD1 | 33724002588743 | 07/05/2024 | 31/12/2019 | CD | c.4 | Material complementario | |||||||||
| Dewey Decimal Classification | Préstamo interno | Material multimedia | Biblioteca Central | Biblioteca Central | Planta Principal - Área de préstamo - Mat. Multimedia | 31/12/2019 | I.c/e | 517 St49y 2005 CD2 | 33724002588677 | 07/05/2024 | 31/12/2019 | CD | Material complementario | ||||||||||
| Dewey Decimal Classification | Préstamo interno | Material multimedia | Biblioteca Central | Biblioteca Central | Planta Principal - Área de préstamo - Mat. Multimedia | 31/12/2019 | I.c/e | 517 St49y 2005 CD2 | 33724002588689 | 07/05/2024 | 31/12/2019 | CD | c.2 | Material complementario | |||||||||
| Dewey Decimal Classification | Préstamo interno | Material multimedia | Biblioteca Central | Biblioteca Central | Planta Principal - Área de préstamo - Mat. Multimedia | 31/12/2019 | I.c/e | 517 St49y 2005 CD2 | 33724002588690 | 07/05/2024 | 31/12/2019 | CD | c.3 | Material complementario | |||||||||
| Dewey Decimal Classification | Préstamo interno | Material multimedia | Biblioteca Central | Biblioteca Central | Planta Principal - Área de préstamo - Mat. Multimedia | 31/12/2019 | I.c/e | 517 St49y 2005 CD2 | 33724002588704 | 07/05/2024 | 31/12/2019 | CD | c.4 | Material complementario |
